Представление документа в формате RUSMARC

Поле Инд. ПП Название Значение
Тип записи a
Библиографический уровень a
001 Контрольный номер 70b3eafe4a304a53ba04b6a8a4676be6
005 Дата корректировки 20181127112413.5
100 a Данные общей обработки 20181127 ||| 0rusy0189 ca
101 0_ a Язык текста rus
102 a Страна публикации RU
200 1_ f Первые сведения об ответственности И.Н. Балашова
a Заглавие Правовая природа указаний суда кассационной инстанции в гражданском судопроизводстве
b Общее обозначение материала Текст
210 1_ d Дата издания 2017
461 _0 1 2000
a Арбитражный и гражданский процесс
463 _0 1 2000
a № 3
v С. 22-27
1 2101
d 2017
1 001c106343d26d24f1e89087637ada5b6df
606 a Основная рубрика Гражданское процессуальное право
610 0_ a Ключевые слова КАССАЦИОННОЕ ПРОИЗВОДСТВО
a Ключевые слова СУДЕБНАЯ ОШИБКА
a Ключевые слова ТОЛКОВАНИЕ ПРАВА
700 _1 a Фамилия Балашова
b Имя И.Н.
801 _0 a Страна RU
b Организация РГУП
c Дата составления 20181127
g Правила каталогизации PSBO
801 _1 a Страна RU
b Организация РГУП
c Дата составления 20181127
g Правила каталогизации PSBO
901 t Тип документа b
w Контрольный № источника c106343d26d24f1e89087637ada5b6df
905 a Дата ввода 20181127